[Event "Bogota AlphaZero op"]
[Site "Bogota"]
[Date "2018.08.19"]
[Round "4"]
[White "Campos Perilla, Felix Santiago"]
[Black "Ramirez Cepeda, Armando"]
[Result "1/2-1/2"]
[WhiteElo "1359"]
[BlackElo "1634"]
[PlyCount "89"]
[EventDate "2018.08.17"]
[EventType "swiss"]
[EventRounds "7"]
[EventCountry "COL"]
[SourceTitle "CBM 186 Extra"]
[Source "ChessBase"]
[SourceDate "2018.08.24"]
[SourceVersion "1"]
[SourceVersionDate "2018.08.24"]
[SourceQuality "1"]

1. e4 e6 2. d4 d5 3. e5 c5 4. c3 Nc6 5. Nf3 cxd4 6. cxd4 Bb4+ 7. Bd2 Qb6 8. Bxb4 Nxb4 9. Nc3 Bd7 10. Rb1 Ne7 11. Be2 0-0 12. 0-0 Nf5 13. Bd3 Nxd3 14. Qxd3 Rac8 15. h3 Rc4 16. Rfd1 Rfc8 17. Rd2 Qd8 18. Rc2 a6 19. b3 R4c7 20. Rbc1 h6 21. a4 Be8 22. Nd2 Bd7 23. Nf1 Qg5 24. Ne3 Nh4 25. Ne2 Rxc2 26. Rxc2 Rxc2 27. Qxc2 Bc6 28. Ng3 f6 29. exf6 Qxf6 30. Qc5 Ng6 31. Qa7 e5 32. Qb8+ Kh7 33. dxe5 Nxe5 34. Qc7 Nd3 35. Nef5 Qa1+ 36. Kh2 Nxf2 37. Nh5 Qh1+ 38. Kg3 Ne4+ 39. Kg4 Qxg2+ 40. Nfg3 Nf2+ 41. Kf4 Nxh3+ 42. Kg4 Nf2+ 43. Kf4 Nh3+ 44. Kg4 Nf2+ 45. Kf4 1/2-1/2

[Event "Tunja Liga Boyaca"]
[Site "Tunja"]
[Date "2017.12.17"]
[Round "6.19"]
[White "Rojas Castillo, Leibnitz Edison"]
[Black "Ramirez Cepeda, Armando"]
[Result "1-0"]
[WhiteElo "1900"]
[BlackElo "1590"]
[PlyCount "87"]
[EventDate "2017.12.14"]
[EventType "swiss"]
[EventRounds "7"]
[EventCountry "COL"]
[SourceTitle "EXT 2024"]
[Source "ChessBase"]
[SourceDate "2023.10.10"]
[SourceVersion "1"]
[SourceVersionDate "2023.10.10"]
[SourceQuality "1"]

1. d4 d5 2. c4 c6 3. Nc3 Nf6 4. Bf4 Nh5 5. Bd2 g6 6. Nf3 Bg7 7. h3 0-0 8. e3 Na6 9. Be2 Nf6 10. 0-0 Nc7 11. Re1 Bd7 12. Qb3 Rb8 13. cxd5 cxd5 14. Rac1 b5 15. Bd3 a6 16. e4 dxe4 17. Nxe4 Nxe4 18. Bxe4 Be6 19. Qa3 Nd5 20. Qxa6 b4 21. Ng5 Nc7 22. Qa5 Nb5 23. Qxd8 Rfxd8 24. Nxe6 fxe6 25. Bxb4 Nxd4 26. Bxe7 Rd7 27. Ba3 Ra7 28. Rc3 Ne2+ 29. Rxe2 Bxc3 30. bxc3 Rxa3 31. Rc2 Rc8 32. c4 Rc5 33. f3 Kf7 34. Kh2 Kf6 35. Kg3 Ke5 36. Re2 Kd4 37. Rd2+ Ke3 38. Rd7 h5 39. Rd6 Rg5+ 40. Kh4 Rxg2 41. Rxe6 Kf4 42. c5 Rgxa2 43. c6 Ra8 44. c7 1-0